000 00456nam a2200181Ia 4500
001 11632
005 20260306162842.0
008 260306t2016||||xx |||||||||||||| ||spa||
041 _aESP
082 _a985.6
_bO664
100 _aO'phelan Godoy, Scarlett
_eAUT
245 0 _a1814:
_bla junta de gobierno del Cuzco y el sur andino
260 _c2016
300 _a622 páginas :
_c24 cm.
650 _aGEN
654 _aCHU
942 _cLIB
_dJUS
_fJUS
_2ddc
_n
999 _c11632
_d11632